000
00337nam a2200145Ia 4500
008
230718s9999 xx 000 0 und d
041
_a
Eng.
082
_a
823
_b
KHA-T
100
_a
Khalid Adeeb
245
4
_a
The Politics of mutions
260
_a
Pakistan
_b
Oxford unielle fress
_c
2001
300
_a
245
650
_a
Law
999
_c
26731
_d
26731